书目信息 |
| 书名: | The Democratic Republic of Vietnam | |
| 作者: | ||
| 分册号: | ||
| 分册名: | 出版地: | Hanoi : |
|
| 出版社: | Foreign Languages Pub. House | |
| 出版时间: | 1975. | |
| 页数: | 205 p. : | |
| 开本: | ||
| 丛书名: | ||
| 中图分类号: | ||
| 科图分类号: | ||
| 其他分类号: | D833.32 | |
| 主题词: | ||
| 电子资源: | ||
| 000 | 00390nam 22000145i 450 | |
| 001 | 0299140383 | |
| 005 | 20070305145721.78 | |
| 008 | 990909m1975 u y a 000 0 | |
| 041 | @aeng | |
| 090 | @aK333.5 | |
| 090 | @aD833.32 | |
| 099 | @dD833.32@ex6 | |
| 245 | 10 | @aThe Democratic Republic of Vietnam. |
| 260 | 1 | @aHanoi :@bForeign Languages Pub. House,@c1975. |
| 300 | @a205 p. :@bill., map., port., tab. | |
| The Democratic Republic of Vietnam.-Hanoi : : Foreign Languages Pub. House, , 1975. |
| 205 p. : : ill., map., port., tab. |
| ISBN |
| ● |
| 相关链接 |
|
|
|
|
正题名:The Democratic Republic of Vietnam
索取号:D833.32/x6
 
预约/预借
| 序号 | 登录号 | 条形码 | 馆藏地/架位号 | 状态 | 备注 |
| 1 | 0000185 | 300001851 | 第四借阅区/ [索取号:D833.32/x6] | 在馆 |